Państwa odwiedzone przez papieża Franciszka - Statystyki

Ogólne statystyki
  • Ten quiz został rozwiązany 428 razy
    64 od ostatniego zresetowania
  • Średni wynik to 34 z 65
Statystyki odpowiedzi
Data rozpoczęcia podróży apostolskiej Państwo odwiedzone przez Franciszka podczas danej podróży % Poprawnych
27 lipca 2016 Polska
100%
19 września 2015 Stany Zjednoczone
96%
25 listopada 2014, 22 września 2023, 15 grudnia 2024 Francja
91%
12 lutego 2016 Meksyk
89%
22 lipca 2013 Brazylia
87%
24 lipca 2022 Kanada
87%
24 maja 2014 Izrael
78%
19 listopada 2019 Japonia
76%
12 maja 2017, 2 sierpnia 2023 Portugalia
73%
16 kwietnia 2016, 2 grudnia 2021 Grecja
71%
28 listopada 2014 Turcja
71%
28 kwietnia 2017 Egipt
69%
6 września 2017 Kolumbia
69%
14 sierpnia 2014 Korea Południowa
69%
31 października 2016 Szwecja
69%
15 stycznia 2018 Peru
64%
12 września 2021 Słowacja
64%
5 lipca 2015 Boliwia
62%
15 stycznia 2018 Chile
62%
25 sierpnia 2018 Irlandia
62%
5 lipca 2015 Paragwaj
62%
12 września 2021, 28 kwietnia 2023 Węgry
62%
22 września 2018 Estonia
60%
2 września 2024 Indonezja
60%
26 września 2024 Belgia
58%
22 września 2018 Litwa
58%
23 stycznia 2019 Panama
58%
5 marca 2021 Irak
56%
19 września 2015, 12 lutego 2016 Kuba
56%
22 września 2018 Łotwa
56%
31 maja 2019 Rumunia
56%
5 lipca 2015 Ekwador
53%
12 stycznia 2015 Filipiny
53%
21 czerwca 2018 Szwajcaria
53%
5 maja 2019 Bułgaria
51%
31 stycznia 2023 Demokratyczna Republika Konga
49%
3 lutego 2019 Zjednoczone Emiraty Arabskie
49%
21 września 2014 Albania
47%
24 maja 2014 Jordania
47%
13 września 2022 Kazachstan
47%
25 listopada 2015 Kenia
47%
30 marca 2019 Maroko
47%
2 kwietnia 2022 Malta
42%
31 sierpnia 2023 Mongolia
42%
19 listopada 2019 Tajlandia
42%
25 listopada 2015 Uganda
42%
6 czerwca 2015 Bośnia i Hercegowina
38%
2 grudnia 2021 Cypr
38%
26 września 2024 Luksemburg
38%
30 września 2016 Gruzja
36%
27 lisopada 2017 Mjanma
36%
24 czerwca 2016 Armenia
33%
30 września 2016 Azerbejdżan
33%
5 maja 2019 Macedonia Północna
33%
4 września 2019 Madagaskar
33%
2 września 2024 Papua-Nowa Gwinea
29%
2 września 2024 Singapur
29%
2 września 2024 Timor Wschodni
29%
27 lisopada 2017 Bangladesz
27%
4 września 2019 Mozambik
27%
25 listopada 2015 Republika Środkowoafrykańska
27%
31 stycznia 2023 Sudan Południowy
27%
3 listopada 2022 Bahrajn
22%
12 stycznia 2015 Sri Lanka
20%
4 września 2019 Mauritius
16%
Nie znaleziono quizów pasujących do podanych kryteriów
Rozkład punktacji
Procent ludzi z każdym wynikiem
Percentyl według liczby udzielonych odpowiedzi
Twoja historia wyników
Nie rozwiązałeś tego quizu od ostatniego zresetowania